| 000 | 00523nam a2200181 a 4500 | ||
|---|---|---|---|
| 001 | 1008 | ||
| 003 | CO-ViMGA | ||
| 008 | 141112s2004 ck r 000 u spa d | ||
| 040 |
_aCO-ViMGA _bspa _cCO-ViMGA |
||
| 082 | 0 | 4 | _a918.61 B141 |
| 100 | 1 |
_aBahaman Dussan, Augusto _949021 |
|
| 245 | 1 | 0 |
_aColombia, geografía y destino : _bvisión geográfica de sus regiones naturales |
| 250 | _a2a | ||
| 260 |
_aBogotá : _bEcoe, _c1991 |
||
| 300 | _a180 p : il | ||
| 650 | 1 | 4 |
_aCOLOMBIA - GEOGRAFIA Política _949022 |
| 942 |
_2ddc _cBK |
||
| 999 |
_c13232 _d13232 |
||